10 Closest non-bordering countries to Russia - Statistics

General Stats
  • This quiz has been taken 64 times
  • The average score is 9 of 10
Answer Stats
Distance(km) Answer % Correct
112 Armenia
97%
242 Sweden
97%
135 Turkey
93%
4 Japan
92%
454 South Korea
92%
4 USA
92%
357 Germany
85%
165 Iran
85%
297 Denmark
75%
321 Turkmenistan
75%
No matching quizzes found
Score Distribution
Percent of People with Each Score
Percentile by Number Answered
Your Score History
You have not taken this quiz